Statistics for Ariana Grande Songz

Click here to take the quiz!

General Stats

  • This quiz has been taken 59 times
    (57 since last reset)
  • The average score is 77 of 114

Answer Stats

ALBUMS% Correct
Intro
96%
Honeymoon Avenue
93%
Baby I
89%
Dangerous Woman
89%
Piano
89%
Let Me Love You
85%
Moonlight
85%
NASA
85%
breathin
81%
Everyday
81%
Love Me Harder
81%
My Everything
81%
no tears left to cry
81%
Popular Song
81%
sweetener
81%
34+35
78%
7 rings
78%
Be Alright
78%
Be My Baby
78%
Best Mistake
78%
Break Free
78%
break up with your girlfriend, i'm bored
78%
bye
78%
fake smile
78%
ghostin
78%
imagine
78%
in my head
78%
Into You
78%
make up
78%
One Last Time
78%
positions
78%
Problem
78%
raindrops (an angel cried)
78%
thank u, next
78%
The Way
78%
we can't be friends
78%
blazed
74%
eternal sunshine
74%
everytime
74%
God is a woman
74%
Greedy
74%
Jason's Song (Gave It Away)
74%
motive
74%
needy
74%
ordinary things
74%
pete davidson
74%
R.E.M
74%
Sometimes
74%
the boy is mine
74%
the light is coming
74%
yes, and?
74%
better off
70%
Daydreamin'
70%
Focus
70%
get well soon
70%
imperfect for you
70%
i wish i hated you
70%
Leave Me Lonely
70%
pov
70%
safety net
70%
Saturn Returns Interlude
70%
Side to Side
70%
Thinking Bout You
70%
true story
70%
You Don't Know Me
70%
Bang Bang
67%
bloodline
67%
borderline
67%
don't wanna break up again
67%
goodnight n go
67%
intro (end of the world)
67%
Knew Better / Forever Boy
67%
my hair
67%
Only 1
67%
Why Try
67%
bad idea
63%
Break Your Heart Right Back
63%
I Don't Care
63%
Santa Tell Me
63%
supernatural
63%
Step On Up
59%
successful
59%
Tattooed Heart
59%
Touch It
59%
Almost Is Never Enough
56%
Bad Decisions
56%
Hands On Me
56%
Just A Little Bit Of Your Heart
56%
shut up
56%
test drive
56%
You'll Never Know
56%
Right There
52%
just like magic
48%
obvious
48%
off the table
48%
someone like u
48%
west side
48%
Winter Things
48%
December
44%
main thing
44%
nasty
44%
Santa Baby
44%
worst behavior
44%
Better Left Unsaid
41%
love language
41%
Lovin' It
41%
six thirty
41%
Love Is Everything
37%
Snow In California
37%
True Love
37%
Wit It This Christmas
37%
Last Christmas
33%
Not Just On Christmas
30%

Score Distribution

Percentile by Number Answered

Percent of People with Each Score

Your Score History

You have not taken this quiz since the last reset